Bytový dom

Salvato in:
Dettagli Bibliografici
Autore principale: Budzák, Miroslav (Autore)
Altri autori: Šutliak, Stanislav (Relatore della tesi)
Natura: Manoscritto Libro
Lingua:slovacco
Pubblicazione: 2016
Soggetti:
Accesso online:http://is.stuba.sk/zp/portal_zp.pl?podrobnosti=120386
https://opac.crzp.sk/?fn=detailBiblioForm&sid=B0ECE52FE577B8B951CF66E96922
Tags: Aggiungi Tag
Nessun Tag, puoi essere il primo ad aggiungerne!!

MARC

LEADER 00000ntm a22000003a 4500
001 stuzp57695
003 SK-STU
005 20230615154347.9
007 ta
008 150427s2015----xo-----f-mn---000-0-slo-d
040 |a STU  |b slo 
041 0 |a slo 
100 1 |a Budzák, Miroslav  |u 010180  |4 aut  |U SvF Stavebná fakulta  |T SvF Katedra konštrukcií pozemných stavieb  |X 55131  |U V180  |Y 18  |7 55131 
242 0 1 |a Apartment building  |y eng 
245 1 0 |a Bytový dom 
260 |c 2016 
650 4 |a bytový dom  |2 slo 
650 4 |a polyfunkčné jednotky  |2 slo 
650 4 |a podlažie  |2 slo 
650 4 |a bytová jednotka  |2 slo 
650 4 |a housing unit  |2 eng 
650 4 |a multifunctional spaces  |2 eng 
650 4 |a apartment building  |2 eng 
650 4 |a storey  |2 eng 
700 1 |a Šutliak, Stanislav  |4 ths  |X 16749  |7 A000016749 
856 4 |u http://is.stuba.sk/zp/portal_zp.pl?podrobnosti=120386 
856 4 |u https://opac.crzp.sk/?fn=detailBiblioForm&sid=B0ECE52FE577B8B951CF66E96922 
SQL |a stuzp57695  |b DBP  |c SLO  |d Bytový dom  |e 55131  |f Budzák, Miroslav  |g 010180  |h 16749  |i Šutliak, Stanislav  |j 20160620  |k 4  |l 01  |m http://is.stuba.sk/zp/portal_zp.pl?podrobnosti=120386  |n B-PSA  |o 5.1.4. pozemné stavby, 5.1.1. architektúra a urbanizmus